000
00269nam a22001217a 4500
008
160507b xxu||||| |||| 00| 0 eng d
020
_a
9780805375053
020
_a
0805375058
041
_a
eng
080
_a
573
245
_a
Biology:
_c
Campbell Reece;
942
_2
udc
_c
BK
999
_c
1886
_d
1886